Phytochemicals and phytopharmaceuticals /
Guardado en:
| Otros Autores: | , |
|---|---|
| Formato: | Libro |
| Idioma: | English |
| Publicado: |
Champaign, Ill. :
AOCS Press,
c2000.
|
| Materias: | |
| Etiquetas: |
Agregar Etiqueta
Sin Etiquetas, Sea el primero en etiquetar este registro!
|
| LEADER | 00915cam a22002655a 4500 | ||
|---|---|---|---|
| 001 | EIQ.libpla002975 | ||
| 008 | 991101s2000####ilua#####b####001#0#eng#d | ||
| 005 | 20070927144454.0 | ||
| 245 | 0 | 0 | |a Phytochemicals and phytopharmaceuticals / |c editors, Fereidoon Shahidi, Chi-Tang Ho. |
| 260 | |a Champaign, Ill. : |b AOCS Press, |c c2000. | ||
| 300 | |a viii, 431 p. : |b il. ; |c 24 cm. | ||
| 504 | |a Incluye referencias bibliográficas e índice. | ||
| 020 | |a 1893997057 (alk. paper) | ||
| 700 | 1 | |a Shahidi, Fereidoon, |d 1951-, |e ed. |4 edt | |
| 700 | 1 | |a Ho, Chi-Tang, |d 1944-, |e ed. |4 edt | |
| 082 | 0 | 0 | |a 615/.32 |2 21 |
| 650 | 4 | |a Alimentos |x Fitoquímicos. | |
| 650 | 4 | |a Alimentos |x Salud. | |
| 650 | 4 | |a Alimentos |x Nutrición. | |
| 650 | 4 | |a Foods |x Phytochemicals. | |
| 650 | 4 | |a Foods |x health. | |
| 650 | 4 | |a Foods |x Nutrition. | |
| 010 | |a 99056987 | ||
| 040 | |a DLC |c DLC |d AR-BbSID | ||
| 859 | |a AR-BbSID |b BIB. PLAPIQUI |h 615.32 |i P 569 |p 6021 | ||
